Nationalités des entraîneurs ayant gagné la ligue 1 - Statistiques

Statistiques générales
  • Ce quiz a été pris 114 fois
  • Le résultat moyen est 8 sur 10
Statistiques - réponses
Nbr
d'entraîneurs
Pays % Correct
36 France
100%
2 Espagne
99%
2 Italie
96%
2 Portugal
94%
1 Allemagne
89%
2 Belgique
86%
2 Argentine
82%
2 Angleterre
72%
1 Hongrie
18%
1 Uruguay
17%
Aucun quiz correspondant
Distribution des résultats
% des personnes avec chaque résultat
Percentile par nombre de réponses
Votre historique - résultats
Vous n’avez pas pris ce quiz